000 00836nam a22002537a 4500
003 OSt
005 20250704080042.0
008 250704b |||||||| |||| 00| 0 eng d
020 _a9789712728600
040 _aDWCL - Main lib
_cOC
082 _aFil. 302.231 G873 2013
100 _aLee- Chua Queena N.
245 _aGrowing up wired :
_b raising Pinoy kids in the digital age/
_cQueena N. Lee-Chua
260 _aMandaluyong City :
_bAnvil Publishing,
_cc2013.
300 _axxii, 368 pages ;
_c23 cm.
650 _a1. Internet and children--Safety measures.
650 _a2. Internet and families.
650 _a3. Internet--Social aspects.
650 _a4. Parent and child.
700 _aMa. Isabel Sison- Dionisio
700 _aNerisa C. Fernandez
700 _aMichelle S. Alignay
942 _2ddc
_cBK - FIL
_kFil.
_n0
999 _c3399
_d3399